| 000 | 00472nam a2200181Ia 4500 | ||
|---|---|---|---|
| 001 | 1727 | ||
| 005 | 20260306143749.0 | ||
| 008 | 260306t2005||||xx |||||||||||||| ||spa|| | ||
| 041 | _aESP | ||
| 082 |
_a155.232 _bK24 |
||
| 100 |
_akassinove,Howard _eAUT |
||
| 245 | 0 |
_aEl manejo de la agresividad: _bmanual de tratamiento completo para profesionales |
|
| 260 | _c2005 | ||
| 300 |
_a394 páginas : _c22 cm. |
||
| 650 | _aGEN | ||
| 654 | _aCPS | ||
| 942 |
_cLIB _dJUS _fJUS _2ddc _n |
||
| 999 |
_c1727 _d1727 |
||